书目信息 |
| 题名: |
西门子S7-300/400 PLC从入门到精通
|
|
| 作者: | 岂兴明 , 周丽芳 , 罗志勇 , 罗萍 编著 | |
| 分册: | ||
| 出版信息: | 北京 人民邮电出版社 2019.08 |
|
| 页数: | 338页 | |
| 开本: | 26cm | |
| 丛书名: | ||
| 单 册: | ||
| 中图分类: | TM571.61 | |
| 科图分类: | ||
| 主题词: | PLC技术--PLC ji shu | |
| 电子资源: | ||
| ISBN: | 978-7-115-51472-1 | |
| 000 | 01159nam0 2200289 450 | |
| 001 | 202020139408 | |
| 005 | 20200926181346.0 | |
| 010 | @a978-7-115-51472-1@dCNY79.00 | |
| 100 | @a20200916d2019 em y0chiy50 ea | |
| 101 | 0 | @achi |
| 102 | @aCN@b110000 | |
| 105 | @aak z 000yy | |
| 106 | @ar | |
| 200 | 1 | @a西门子S7-300/400 PLC从入门到精通@Axi men zi S7-300/400 PLCcong ru men dao jing tong@f岂兴明 ... [等] 编著 |
| 210 | @a北京@c人民邮电出版社@d2019.08 | |
| 215 | @a338页@c图@d26cm | |
| 300 | @aPLC必读开悟书 | |
| 304 | @a题名页题其余责任者: 周丽芳, 罗志勇, 罗萍 | |
| 330 | @a本书主要介绍西门子公司S7-300/400系列PLC的硬件资源、指令系统等基础知识, 并详细讲解了编程软件的安装和使用方法、PLC控制系统的设计方法与步骤, 并通过两个综合实例介绍了S7-300/400系列PLC在控制领域的应用与开发方法。本书采用图、表、文相结合的方法, 使书中的内容通俗易懂又不失专业性。 | |
| 606 | 0 | @aPLC技术@APLC ji shu |
| 690 | @aTM571.61@v5 | |
| 701 | 0 | @a岂兴明@Aqi xing ming@4编著 |
| 701 | 0 | @a周丽芳@Azhou li fang@4编著 |
| 701 | 0 | @a罗志勇@Aluo zhi yong@4编著 |
| 701 | 0 | @a罗萍@Aluo ping@4编著 |
| 801 | 0 | @aCN@c20190820 |
| 905 | @a河南城建学院图书馆@dTM571.61@eQ118 | |
| 西门子S7-300/400 PLC从入门到精通/岂兴明 ... [等] 编著.-北京:人民邮电出版社,2019.08 |
| 338页:图;26cm |
| PLC必读开悟书 |
| ISBN 978-7-115-51472-1:CNY79.00 |
| 本书主要介绍西门子公司S7-300/400系列PLC的硬件资源、指令系统等基础知识, 并详细讲解了编程软件的安装和使用方法、PLC控制系统的设计方法与步骤, 并通过两个综合实例介绍了S7-300/400系列PLC在控制领域的应用与开发方法。本书采用图、表、文相结合的方法, 使书中的内容通俗易懂又不失专业性。 |
| ● |
| 相关链接 |
|
|
|
正题名:西门子S7-300/400 PLC从入门到精通
索取号:TM571.61/Q118
 
预约/预借
| 序号 | 登录号 | 条形码 | 馆藏地/架位号 | 状态 | 备注 |
| 1 | 1489174 | 214891740 | 自科库301/301自科库 14排1列2层/ [索取号:TM571.61/Q118] | 在馆 | |
| 2 | 1489175 | 214891759 | 自科库301/301自科库 14排1列2层/ [索取号:TM571.61/Q118] | 在馆 |